000 01208cam a22003015a 4500
001 L141703
008 071213e20071117xxkad f s 000 0 eng d
035 _a(Sirsi) u141703
041 0 _aeng
050 0 4 _a333.33 $2 18
100 1 _aWard, Hazel
245 0 0 _aEG retail
260 _aLondon
_bEstates Gazette
_c2007
300 _a73p.
_col. ill.
_c30cm.
490 0 _aEstates Gazette
_v(0746) 17 November 2007 (supplement)
520 _aProvides an overview of the retail market in the UK, Europe and around the world. Discusses the growth of the lingerie retail sector, the increasing importance of marketing, airports and leases in the UK. Provides case studies of France and Greece. Finds Paris is still important but that there are opportunities outside the major cities. Explains how and why large-scale shopping malls have recently arrived in Athens.
590 _aKA
651 4 _aInternational
690 _aPROPERTY-COMMERCIAL PROPERTY-RETAIL PROPERTY
700 1 _aKivlehan, Noella Pio
700 1 _aWehner, Piers
700 1 _aNorman, Paul
700 1 _aPayne, Joanne
700 1 _aCunningham, Daniel
700 1 _aHarris, David
700 1 _aDonnelly, Michael
942 _n0
999 _c107740
_d107740